000 00502nam a2200181 i 4500
001 63407
003 ES-MaACL
005 20231221191039.0
007 t|
008 031210s1972 sp ||||1| gao d
100 1 _aFerreiro, Celso Emilio,
_d1912-1979
_950391
245 1 2 _aA fronteira infinda /
_cCelso Emilio Ferreiro.
250 _a[1ยช ed.].
260 _aVigo :
_bCastrelos,
_c1972.
300 _a129 p. ;
_c18 cm.
852 _aES-MaACL
_jC-52921
_bR.86084
999 _c63407
_d63407